000 00390pab a2200157 454500
008 180718b2017 xxu||||| |||| 00| 0 eng d
100 _aSrivastava, Arun
245 _aIn the courtyard of Modi's new India
260 _c2017
300 _ap.22-23.
362 _a23 Sep
650 _aUrban development - India
650 _aUrban development
773 _aMainstream
909 _a116418
999 _c116412
_d116412